[Event "Rochefort op 3rd"]
[Site "Rochefort"]
[Date "2004.02.23"]
[Round "4"]
[White "Houard, Yannick"]
[Black "Luneau, Gilles"]
[Result "1/2-1/2"]
[WhiteElo "1299"]
[BlackElo "1985"]
[PlyCount "91"]
[EventDate "2004.02.21"]
[EventType "swiss"]
[EventRounds "7"]
[EventCountry "FRA"]
[SourceTitle "EXT 2005"]
[Source "ChessBase"]
[SourceDate "2004.11.15"]
[SourceVersion "1"]
[SourceVersionDate "2004.11.15"]
[SourceQuality "1"]

1. e4 c5 2. Nf3 e6 3. d4 cxd4 4. Nxd4 a6 5. a3 b5 6. Be2 Bb7 7. Nc3 Nf6 8. Qd3
Nc6 9. Bg5 Be7 10. Nxc6 Bxc6 11. O-O d5 12. exd5 Nxd5 13. Bxe7 Qxe7 14. Nxd5
Bxd5 15. Bf3 Rd8 16. Bxd5 Rxd5 17. Qxd5 exd5 18. Rfe1 Qe6 19. Rxe6+ fxe6 20. f3
Kd7 21. Kf2 Rc8 22. c3 e5 23. Rd1 Ke6 24. Ke3 Rc4 25. Rd2 g5 26. g3 g4 27. fxg4
Rxg4 28. b3 a5 29. Kf3 h5 30. Re2 Rg7 31. Ke3 Rc7 32. Kd3 Rf7 33. Ke3 Kd6 34.
Rf2 d4+ 35. cxd4 exd4+ 36. Ke2 Rxf2+ 37. Kxf2 Kd5 38. Ke2 Ke4 39. h3 a4 40.
bxa4 bxa4 41. g4 h4 42. Kd2 d3 43. g5 Kf5 44. Kxd3 Kxg5 45. Ke3 Kf5 46. Kf3
1/2-1/2

[Event "Rochefort op 3rd"]
[Site "Rochefort"]
[Date "2004.02.24"]
[Round "5"]
[White "Jimenez, Georges"]
[Black "Houard, Yannick"]
[Result "1/2-1/2"]
[WhiteElo "1930"]
[BlackElo "1299"]
[PlyCount "70"]
[EventDate "2004.02.21"]
[EventType "swiss"]
[EventRounds "7"]
[EventCountry "FRA"]
[SourceTitle "EXT 2005"]
[Source "ChessBase"]
[SourceDate "2004.11.15"]
[SourceVersion "1"]
[SourceVersionDate "2004.11.15"]
[SourceQuality "1"]

1. d4 d5 2. Nf3 Nf6 3. e3 e6 4. Bd3 Bd6 5. Nbd2 Nbd7 6. O-O c6 7. c4 b6 8. b3
Qc7 9. Bb2 Bb7 10. cxd5 exd5 11. Rc1 O-O 12. e4 dxe4 13. Nxe4 Nxe4 14. Bxe4 Bf4
15. Rc2 c5 16. Bxb7 Qxb7 17. Re2 Rad8 18. Rfe1 a6 19. Re4 Bb8 20. Qe2 Bd6 21.
Qc2 Rc8 22. Qd3 Rfd8 23. Rh4 Nf6 24. Qf5 Qd5 25. Qxd5 Nxd5 26. dxc5 Bxc5 27. a3
a5 28. Rhe4 h6 29. g3 Kf8 30. Kf1 Rd7 31. Ne5 Rdc7 32. Nc4 Rd7 33. Ne5 Rdc7 34.
Nc4 Rd7 35. Ne5 Rdc7 1/2-1/2

[Event "Rochefort op 3rd"]
[Site "Rochefort"]
[Date "2004.02.25"]
[Round "6"]
[White "Houard, Yannick"]
[Black "Giraud, Stephane"]
[Result "1/2-1/2"]
[WhiteElo "1299"]
[BlackElo "1920"]
[PlyCount "101"]
[EventDate "2004.02.21"]
[EventType "swiss"]
[EventRounds "7"]
[EventCountry "FRA"]
[SourceTitle "EXT 2005"]
[Source "ChessBase"]
[SourceDate "2004.11.15"]
[SourceVersion "1"]
[SourceVersionDate "2004.11.15"]
[SourceQuality "1"]

1. e4 e5 2. Nf3 Nc6 3. Bb5 a6 4. Ba4 Nf6 5. Nc3 b5 6. Bb3 Be7 7. d3 d6 8. h3
Na5 9. Bg5 c6 10. Qd2 Nxb3 11. axb3 h6 12. Bh4 Nh5 13. Bxe7 Qxe7 14. Ne2 Bb7
15. Qe3 O-O 16. g4 Nf4 17. Nxf4 exf4 18. Qxf4 d5 19. O-O dxe4 20. dxe4 c5 21.
Rfe1 Qe6 22. Rad1 g5 23. Qc7 Qc6 24. Qxc6 Bxc6 25. Ne5 Be8 26. Nd7 Bxd7 27.
Rxd7 Rfe8 28. f3 Red8 29. Red1 Rxd7 30. Rxd7 Re8 31. Kf2 Kg7 32. Ke2 c4 33.
bxc4 bxc4 34. Kd2 Re6 35. Rd4 Rf6 36. Ke3 Rc6 37. Rd5 Rb6 38. Rc5 Rxb2 39. Rxc4
a5 40. Kd3 Ra2 41. Kd2 Ra1 42. Rc5 a4 43. Ra5 a3 44. c4 a2 45. Kc2 Rf1 46. Rxa2
Rxf3 47. c5 Kf8 48. Ra5 Ke7 49. Ra7+ Kd8 50. Ra6 Rxh3 51. Rf6 1/2-1/2

[Event "Rochefort op 4th"]
[Site "Rochefort"]
[Date "2005.??.??"]
[Round "3"]
[White "Marholev, Dimitar"]
[Black "Houard, Yannick"]
[Result "1-0"]
[WhiteElo "2381"]
[BlackElo "1920"]
[PlyCount "99"]
[EventDate "2005.02.16"]
[EventType "swiss"]
[EventRounds "7"]
[EventCountry "FRA"]
[SourceTitle "EXT 2006"]
[Source "ChessBase"]
[SourceDate "2005.11.24"]
[SourceVersion "1"]
[SourceVersionDate "2005.11.24"]
[SourceQuality "1"]

1. e4 e6 2. d4 d5 3. Nd2 Nf6 4. e5 Nfd7 5. Bd3 c5 6. c3 Nc6 7. Ne2 cxd4 8. cxd4
f6 9. exf6 Nxf6 10. Nf3 Bd6 11. O-O Bd7 12. Bf4 Qc7 13. Qd2 O-O 14. Bxd6 Qxd6
15. Bb5 Ng4 16. Ng3 e5 17. Nxe5 Ncxe5 18. dxe5 Nxe5 19. Ne4 Qe6 20. Ng5 Qd6 21.
Bxd7 Nxd7 22. Rfe1 Rae8 23. Ne4 Qe6 24. Nc3 Qf7 25. Qxd5 Qxd5 26. Nxd5 Nc5 27.
Rxe8 Rxe8 28. Ne3 Kf7 29. Rd1 Re7 30. Kf1 a6 31. Rd4 g6 32. Ke2 Ne6 33. Rd2
Nf4+ 34. Kf3 Ne6 35. h4 Kg7 36. g3 Nc5 37. Rd4 Rf7+ 38. Kg2 Re7 39. h5 Rf7 40.
hxg6 hxg6 41. f4 Ne6 42. Rd6 Nc7 43. Ng4 Re7 44. Ne5 Ne6 45. Kf3 Nf8 46. Rb6 g5
47. Nc4 gxf4 48. gxf4 Nd7 49. Rd6 Nf6 50. Na3 1-0

[Event "Agneaux St Lo op"]
[Site "Agneaux"]
[Date "2005.07.12"]
[Round "5"]
[White "Entem, Alan"]
[Black "Hou, Yifan"]
[Result "1/2-1/2"]
[WhiteElo "2127"]
[BlackElo "2158"]
[PlyCount "59"]
[EventDate "2005.07.08"]
[EventType "swiss"]
[EventRounds "9"]
[EventCountry "FRA"]
[SourceTitle "CBM 107 Extra"]
[Source "ChessBase"]
[SourceDate "2005.09.01"]
[SourceVersion "1"]
[SourceVersionDate "2005.09.01"]
[SourceQuality "1"]

1. e4 c5 2. Nf3 d6 3. d4 cxd4 4. Nxd4 Nf6 5. Nc3 a6 6. Be3 e5 7. Nb3 Be6 8. Be2
Be7 9. O-O O-O 10. Kh1 Nc6 11. f4 exf4 12. Bxf4 d5 13. exd5 Nxd5 14. Nxd5 Qxd5
15. Bf3 Qc4 16. Be2 Qd5 17. Bf3 Qxd1 18. Rfxd1 Rac8 19. c3 Rfd8 20. Be3 b5 21.
Rxd8+ Nxd8 22. Nd4 Bc5 23. Nxe6 Bxe3 24. Nxd8 Rxd8 25. Rd1 Rxd1+ 26. Bxd1 Kf8
27. a4 Bc1 28. axb5 axb5 29. b3 Bd2 30. Be2 1/2-1/2

[Event "Agneaux St Lo op"]
[Site "Agneaux"]
[Date "2005.07.14"]
[Round "7"]
[White "Marchadour, Emilie"]
[Black "Hou, Yifan"]
[Result "0-1"]
[WhiteElo "2040"]
[BlackElo "2158"]
[PlyCount "58"]
[EventDate "2005.07.08"]
[EventType "swiss"]
[EventRounds "9"]
[EventCountry "FRA"]
[SourceTitle "CBM 107 Extra"]
[Source "ChessBase"]
[SourceDate "2005.09.01"]
[SourceVersion "1"]
[SourceVersionDate "2005.09.01"]
[SourceQuality "1"]

1. e4 c5 2. Nf3 d6 3. d4 cxd4 4. Nxd4 Nf6 5. Nc3 a6 6. f3 e5 7. Nb3 Be6 8. Nd5
Nxd5 9. exd5 Bf5 10. Be3 Be7 11. Be2 O-O 12. O-O Nd7 13. c4 Bg6 14. f4 exf4 15.
Bxf4 Qb6+ 16. Qd4 Qxd4+ 17. Nxd4 Bf6 18. Rfd1 Rfe8 19. Bf3 Ne5 20. Rac1 Nd3 21.
Ne2 Rxe2 22. Rxd3 Bxd3 23. Bxe2 Bxe2 24. Bxd6 Bxb2 25. Rc2 Bd4+ 26. Kh1 Re8 27.
h3 Bd3 28. Rc1 Bb2 29. Rd1 Bxc4 0-1

[Event "Agneaux St Lo op"]
[Site "Agneaux"]
[Date "2005.07.15"]
[Round "8"]
[White "Hou, Yifan"]
[Black "Zhang, Joe"]
[Result "1-0"]
[WhiteElo "2158"]
[BlackElo "2112"]
[PlyCount "91"]
[EventDate "2005.07.08"]
[EventType "swiss"]
[EventRounds "9"]
[EventCountry "FRA"]
[SourceTitle "CBM 107 Extra"]
[Source "ChessBase"]
[SourceDate "2005.09.01"]
[SourceVersion "1"]
[SourceVersionDate "2005.09.01"]
[SourceQuality "1"]

1. e4 c5 2. Nf3 Nc6 3. Bb5 g6 4. Bxc6 dxc6 5. d3 Bg7 6. h3 e5 7. Be3 b6 8. Nbd2
Ne7 9. O-O O-O 10. a3 Qc7 11. b4 cxb4 12. axb4 h6 13. Nc4 Be6 14. Ra3 Bxc4 15.
dxc4 Rad8 16. Qa1 Nc8 17. c5 Kh7 18. Qc3 f5 19. Qc4 Qf7 20. Qe2 Rfe8 21. Ra6 f4
22. Bd2 g5 23. Bc3 Qh5 24. Qc4 g4 25. hxg4 Qxg4 26. Nh2 Qg6 27. Qe2 Rg8 28. f3
Rd7 29. Ng4 Re7 30. Qf2 Qg5 31. Be1 h5 32. Qh4 Qxh4 33. Bxh4 Rd7 34. Nf6+ Bxf6
35. Bxf6 Re8 36. Bh4 Rd2 37. Rf2 Rd1+ 38. Kh2 Re6 39. c3 Rd3 40. Rc2 bxc5 41.
bxc5 Kg6 42. Rb2 Rd7 43. Rb8 Ne7 44. Ra8 Kf7 45. R6xa7 Rd2 46. Rh8 1-0

[Event "Agneaux St Lo op"]
[Site "Agneaux"]
[Date "2005.07.16"]
[Round "9"]
[White "Wen, Yang"]
[Black "Hou, Yifan"]
[Result "1/2-1/2"]
[WhiteElo "2327"]
[BlackElo "2158"]
[PlyCount "47"]
[EventDate "2005.07.08"]
[EventType "swiss"]
[EventRounds "9"]
[EventCountry "FRA"]
[SourceTitle "CBM 107 Extra"]
[Source "ChessBase"]
[SourceDate "2005.09.01"]
[SourceVersion "1"]
[SourceVersionDate "2005.09.01"]
[SourceQuality "1"]

1. e4 c5 2. Nf3 d6 3. Nc3 Nc6 4. d4 cxd4 5. Nxd4 Nf6 6. Bg5 e6 7. Qd2 Be7 8.
O-O-O Nxd4 9. Qxd4 O-O 10. f4 Qa5 11. Kb1 h6 12. h4 e5 13. Qd2 Nxe4 14. Nxe4
Qxd2 15. Rxd2 hxg5 16. fxg5 Rd8 17. Bc4 Be6 18. Bd5 Bxd5 19. Rxd5 f5 20. Nc3
Kf7 21. Rdd1 Rac8 22. Nd5 Ke6 23. Rhf1 g6 24. Rf3 1/2-1/2

[Event "Condom op 4th"]
[Site "Condom"]
[Date "2005.07.12"]
[Round "5"]
[White "Houard, Yannick"]
[Black "Beaurain, Jerome"]
[Result "1/2-1/2"]
[WhiteElo "1923"]
[BlackElo "2109"]
[PlyCount "36"]
[EventDate "2005.07.09"]
[EventType "swiss"]
[EventRounds "9"]
[EventCountry "FRA"]
[SourceTitle "CBM 107 Extra"]
[Source "ChessBase"]
[SourceDate "2005.09.01"]
[SourceVersion "1"]
[SourceVersionDate "2005.09.01"]
[SourceQuality "1"]

1. e4 c5 2. Nf3 Nc6 3. d4 cxd4 4. Nxd4 Nf6 5. Nc3 e5 6. Ndb5 d6 7. Bg5 a6 8.
Na3 b5 9. Bxf6 gxf6 10. Nd5 Bg7 11. c3 f5 12. exf5 Bxf5 13. Nc2 Ne7 14. Nce3
Be6 15. g3 Nxd5 16. Nxd5 O-O 17. Bg2 f5 18. O-O Rb8 1/2-1/2

[Event "CHN-chT final-A 1st"]
[Site "China"]
[Date "2005.08.11"]
[Round "1"]
[White "Zhu, Chen"]
[Black "Hou, Yifan"]
[Result "1-0"]
[WhiteElo "2494"]
[BlackElo "2158"]
[PlyCount "129"]
[EventDate "2005.11.??"]
[EventType "team-tourn"]
[EventRounds "5"]
[EventCountry "CHN"]
[SourceTitle "EXT 2017"]
[Source "ChessBase"]
[SourceDate "2016.10.25"]
[SourceVersion "1"]
[SourceVersionDate "2016.10.25"]
[SourceQuality "1"]

1. d4 Nf6 2. c4 e6 3. Nf3 Bb4+ 4. Nbd2 O-O (4... b6) 5. a3 Bxd2+ (5... Be7 $142
6. e4 {[%csl Rd2]}) 6. Qxd2 b6 7. e3 Bb7 8. Be2 d6 9. b4 $1 {[%csl Rc5]} a5 (
9... Nbd7 10. Bb2 Ne4 11. Qc2 f5 12. O-O Rf6 13. d5 Rg6 14. Nd4 Nf8 15. f3 Qg5
16. g4 Qxe3+ 17. Kg2 Nf6 18. Qd3 Qh6 19. Bc1 Qh4 20. Bf4 fxg4 21. Bg3 Qh3+ 22.
Kg1 exd5 23. Nf5 Re8 24. Rae1 dxc4 25. Qxc4+ Bd5 26. Qd3 gxf3 27. Bxf3 Bxf3 28.
Qxf3 Rxe1 29. Rxe1 Rg5 30. Ne7+ Kh8 31. Qa8 Rxg3+ 32. hxg3 Qxg3+ 33. Kf1 Qf4+
34. Kg2 Ng4 35. Qf3 Qxf3+ 36. Kxf3 Ne5+ 37. Ke4 Nfd7 38. Rc1 c5 39. bxc5 {
Cheparinov,I (2681)-Moiseenko,A (2692) Berlin 2015 1-0}) 10. Bb2 axb4 11. axb4
Rxa1+ 12. Bxa1 Ne4 13. Qb2 {[%csl Rg7][%cal Gd4d5]} (13. Qc2 Nd7 14. O-O) 13...
Nd7 $146 (13... Qf6 14. O-O Nd7 15. Qc2 Qg6 16. Bd3 f5 17. Ne1 Ndf6 18. f3 Ng5
19. Kh1 Qh6 20. Qf2 Nf7 21. Bc3 g5 22. Nc2 {1/2-1/2 (22) Miles,A (2500)-Wilder,
M (2505) USA 1988}) 14. O-O f5 15. d5 e5 16. Nd2 Nef6 17. f4 $1 exf4 18. Rxf4 (
18. exf4 $5 {[%csl Ge5]}) 18... Qe7 19. Qd4 $16 {[%csl Ga1,Rb7,Rc7,Ge2]} Re8 (
19... Ne5 20. c5 bxc5 21. bxc5 Nxd5 22. Rf2 $44) 20. Nf1 {[%cal Gf1e3]} g6 {
[%csl Ga1]} 21. g4 $1 Ne5 22. gxf5 gxf5 23. Ng3 $40 {[%csl Rf5,Rf6]} Qg7 24.
Rxf5 Bc8 25. Rf2 Bg4 26. Kh1 $1 Rf8 27. Rg2 (27. Nf5) 27... Bh3 28. Rf2 (28.
Rg1 {[%cal Gg3f5]} Nfg4 $132 {[%cal Gg4f2]}) 28... Bg4 29. Nf5 Bxf5 30. Rxf5
Kh8 31. Qh4 $1 Nfd7 32. Rxf8+ Qxf8 33. Qf4 $1 Qg7 34. Qf5 Kg8 35. Bd4 {[%cal
Ge2h5]} Qg6 36. Qxg6+ hxg6 (36... Nxg6 37. Bg4 Nde5 38. Be6+ Kf8 39. c5 $36 {
[%csl Gd4,Ge6]}) 37. Kg2 Kf7 38. Kg3 Kf6 39. Kf4 g5+ 40. Kg3 Kf5 41. Bd1 $1 {
[%cal Gd1c2]} g4 (41... Nxc4 42. Bc2#) 42. Ba4 Nf6 43. Bc2+ Kg5 44. Bxe5 dxe5
45. Ba4 Kf5 46. Bc6 $1 {[%cal Gc4c5]} Kg5 47. Bb7 (47. c5 bxc5 48. bxc5) 47...
Kf5 48. Kh4 Ne8 49. c5 bxc5 50. bxc5 Nf6 51. Bc6 (51. e4+ $5 Nxe4 52. d6 cxd6
53. Bxe4+ Kxe4 54. cxd6) 51... e4 52. d6 cxd6 53. cxd6 Ke6 54. d7 Ke7 55. Kg5
Nh7+ 56. Kxg4 Nf8 57. Kf5 Ne6 58. Kxe4 Kd6 59. Ba4 Nc5+ 60. Kf5 Ke7 61. Bc6 Na6
62. h4 Nb4 63. Ba4 Nd5 64. e4 Nc3 65. Bc6 1-0

[Event "CHN-chT final-A 1st"]
[Site "China"]
[Date "2005.08.25"]
[Round "3"]
[White "Hou, Yifan"]
[Black "Ju, Wenjun"]
[Result "1/2-1/2"]
[WhiteElo "2158"]
[BlackElo "2281"]
[PlyCount "134"]
[EventDate "2005.11.??"]
[EventType "team-tourn"]
[EventRounds "5"]
[EventCountry "CHN"]
[SourceTitle "EXT 2017"]
[Source "ChessBase"]
[SourceDate "2016.10.25"]
[SourceVersion "1"]
[SourceVersionDate "2016.10.25"]
[SourceQuality "1"]

1. e4 c5 2. Nf3 d6 3. d4 cxd4 4. Nxd4 Nf6 5. Nc3 Nc6 6. Bg5 e6 7. Qd2 a6 8.
O-O-O Bd7 (8... h6) 9. f4 b5 10. Bxf6 gxf6 11. Kb1 (11. Nxc6) (11. f5 {[%csl
Rf6]}) 11... Qb6 12. Nce2 (12. Nxc6 Bxc6 13. Qe1 (13. f5)) 12... Rc8 13. g3 b4
14. Bh3 (14. Bg2 Be7 15. Rhf1 O-O 16. g4 Nxd4 17. Nxd4 Rc7 18. Rf3 Rfc8 19. Rh3
Bf8 20. e5 Bg7 21. exd6 Qxd6 22. Be4 h6 23. Rd3 Qb6 24. Qe3 Be8 25. h4 Qc5 26.
Rc1 a5 27. Qg3 a4 28. f5 Qe5 29. Qxe5 fxe5 30. Nf3 Bc6 31. Re3 Bxe4 32. Rxe4
Rc4 33. Nd2 Rd4 34. Rxd4 exd4 35. Ne4 exf5 36. Nd6 Rc6 37. Nxf5 Re6 38. Rg1 Re2
39. Kc1 d3 40. cxd3 Bxb2+ 41. Kd1 Rf2 42. Re1 Bc3 43. Re8+ Kh7 {Nevednichy,V 
(2574)-Kozul,Z (2601) Bol 2013 0-1}) 14... Qc5 $146 (14... Nxd4 15. Nxd4 Qc5
16. Rhe1 Rc7 17. f5 e5 18. Nb3 Qb6 19. Bf1 Ke7 20. Qd5 Bh6 21. Na5 Qc5 22. Nc4
Qxd5 23. Rxd5 Bc6 24. Ra5 Bb7 25. Ra4 d5 26. exd5 Bxd5 27. Rxb4 Rd8 28. a3 a5
29. Ra4 Bxc4 30. Rxc4 Rxc4 31. Bxc4 Rd2 32. Re2 Rxe2 33. Bxe2 e4 34. c3 Kd6 35.
Kc2 Ke5 36. g4 Kf4 37. b4 Ke3 38. Bb5 Bf8 39. Kb3 Bd6 40. h3 axb4 41. axb4 h6
42. c4 Kd4 43. c5 Bg3 44. Bc4 {Wang,H (2722)-Brandenburg,D (2503) Sarajevo
2010 1-0}) 15. Rhe1 a5 16. Nxc6 Rxc6 (16... Bxc6 17. Nd4 Bd7 (17... Bb7)) 17.
Nd4 Rc7 18. Nb3 Qb6 19. Qd4 Qxd4 20. Rxd4 Ra7 (20... a4 21. Nd2 {[%csl Rb4]})
21. Nd2 Kd8 $5 22. Bf1 Bc6 23. Bc4 Kd7 (23... Kc7) 24. Rd1 Ke7 25. Nb3 Bg7 $1
26. Rxd6 Bxe4 27. R6d2 f5 $44 {[%csl Ge4,Gg7]} 28. Bb5 {[%cal Gd2d7]} Rc8 29.
Rd7+ Rxd7 30. Rxd7+ Kf6 31. Bd3 $1 (31. Nxa5 $2 Bxc2+) 31... Bxd3 32. cxd3 a4
33. Nd2 Bf8 34. Nc4 Be7 35. Kc2 h5 36. Kd2 h4 $1 37. Ke2 hxg3 (37... h3 $143 {
[%csl Rh2]} 38. Rb7) 38. hxg3 Rh8 39. Kf3 a3 40. bxa3 bxa3 41. Ne5 Re8 42. Nc6
Bc5 43. d4 Bf8 44. Ne5 Be7 45. Ke2 Kg7 46. Kd3 Kf8 47. Ra7 Rc8 48. Nc4 Rb8 49.
Nxa3 Bxa3 50. Rxa3 Rb2 51. Kc3 Rg2 $44 {[%csl Ra3,Gg2]} 52. Kc4 Ke7 53. Ra7+
Kd6 54. Ra6+ (54. a4) 54... Kd7 55. Ra3 Kd6 56. Ra6+ Kd7 57. Kc5 Rc2+ 58. Kb4
Rb2+ 59. Kc4 Rc2+ 60. Kd3 Rg2 61. d5 Rxg3+ 62. Kd4 Rf3 63. Ke5 Re3+ 64. Kf6 Re4
65. Kxf7 exd5 66. Kf6 Rxf4 67. Ke5 Re4+ 1/2-1/2

[Event "CHN-chT final-A 1st"]
[Site "China"]
[Date "2005.09.15"]
[Round "4"]
[White "Xu, Tong"]
[Black "Hou, Yifan"]
[Result "0-1"]
[WhiteElo "2167"]
[BlackElo "2158"]
[PlyCount "99"]
[EventDate "2005.11.??"]
[EventType "team-tourn"]
[EventRounds "5"]
[EventCountry "CHN"]
[SourceTitle "EXT 2017"]
[Source "ChessBase"]
[SourceDate "2016.10.25"]
[SourceVersion "1"]
[SourceVersionDate "2016.10.25"]
[SourceQuality "1"]

1. e4 c5 2. Nf3 d6 3. d4 cxd4 4. Nxd4 Nf6 5. Nc3 a6 6. Bg5 e6 7. f4 Be7 8. Qf3
Qc7 9. O-O-O h6 10. Bh4 Nbd7 11. Bd3 g5 12. fxg5 Ne5 13. Qe2 Nfg4 14. Nf3 hxg5
(14... Nxf3 15. gxf3 hxg5 16. Bg3 (16. fxg4 Rxh4 17. Rhf1 $32)) 15. Bg3 Bd7 16.
h3 Nxf3 17. hxg4 Nh4 (17... Rxh1 18. Rxh1 Nh4 19. Qf1 Qa5 20. Be1 Qc5 21. Bf2
Qa5 22. Bd4 e5 23. Be3 Rc8 24. Nd5 Bd8 25. a3 Be6 26. Bd2 Qa4 27. Nf6+ Bxf6 28.
Qxf6 Kd7 29. Bxg5 Ng6 30. Rh7 Kc6 31. Be3 Qa5 32. c3 Qa4 33. Rxf7 Bxf7 34. Qxf7
Rh8 35. Kd2 Nf8 36. Qe8+ {1-0 (36) Savchenko,B (2567)-Lu,S (2615) Olongapo
City 2015}) 18. e5 d5 19. Rdf1 (19. Bf2) 19... Bc6 20. Rh3 Rf8 21. Kb1 O-O-O
22. Bxh4 $146 (22. Ka1 Kb8 23. Nb1 d4 24. Rf2 Bd5 25. Nd2 Qc6 26. Be4 Bxe4 27.
Qxe4 Qxe4 28. Nxe4 d3 29. cxd3 Rxd3 30. a3 Rd4 31. Nf6 Rh8 32. Rc2 Ng6 33. Rh5
Rc8 34. Rf2 Rc1+ 35. Ka2 Bxf6 36. exf6+ Kc8 37. Rxg5 Rd3 38. Rxg6 Rxg3 39. Rg7
Rc7 40. g5 {1-0 (40) Dvirnyy,D (2522)-De Filomeno,S (2356) Torino 2012}) 22...
gxh4 23. Rhf3 Bg5 24. Nd1 Bh6 25. Qe1 Bg7 $132 26. Qxh4 Bxe5 27. g5 Kb8 28. Qf2
f5 29. gxf6 d4 $1 30. Rh3 Rxf6 $17 31. Qe2 Rxf1 32. Qxf1 Qg7 33. Qe2 Rf8 34.
Rh7 Qf6 35. a3 Bc7 36. Rh3 (36. Rh1) 36... e5 37. Rh1 Qf4 38. Re1 Rg8 39. Rf1
Qg4 40. Qf2 Qxg2 41. Qf7 Qg7 42. Qf5 Ka7 43. b4 $6 {[%csl Rb1]} Qg5 44. Qf7 Rg7
45. Qc4 Bb6 46. Rf5 Qd2 $19 47. Nb2 e4 48. Bf1 Rc7 49. Qb3 Bd7 50. Rf7 0-1

[Event "WchT 6th"]
[Site "Beersheba"]
[Date "2005.11.07"]
[Round "6.4"]
[White "Hou, Yifan"]
[Black "Novikov, Igor A"]
[Result "0-1"]
[WhiteElo "2220"]
[BlackElo "2580"]
[Annotator "Ftacnik,L"]
[PlyCount "126"]
[EventDate "2005.11.01"]
[EventType "team-tourn"]
[EventRounds "9"]
[EventCountry "ISR"]
[SourceTitle "CBM 110"]
[Source "ChessBase"]
[SourceDate "2006.01.31"]
[SourceVersion "1"]
[SourceVersionDate "2006.01.31"]
[SourceQuality "1"]
[WhiteTeam "China (W)"]
[BlackTeam "US of America"]
[WhiteTeamCountry "CHN"]
[BlackTeamCountry "USA"]

1. e4 c5 2. Nf3 d6 3. d4 cxd4 4. Nxd4 Nf6 5. Nc3 a6 6. Be2 e6 7. O-O Be7 8. f4
Qc7 9. a4 O-O 10. Kh1 b6 11. Bf3 Bb7 12. e5 dxe5 13. fxe5 Nfd7 14. Bxb7 Qxb7
15. Bf4 Nc6 16. Qf3 Rfc8 17. Bg3 Nd8 18. Qh5 (18. Qe2 Nc6 (18... Nf8 19. Rad1
Rc7 20. Ne4 Rd7 21. c3 Ng6 22. Nf3 Rxd1 23. Rxd1 Qc6 {0-1 Klovans,J-Suba,M/
Mallorca 2004/ (38)}) 19. Qh5 Rf8 20. Qf3 {1/2-1/2 Jakovenko,D-Amonatov,F/
Sochi 2004/}) 18... Nf8 19. Rae1 {The position is somewhat unbalanced, since
white has to get some compensation for the exposed isolated pawn on e5.} (19.
Rad1 Rc4 20. Rd3 Rac8 21. Be1 (21. Nb3 Rb4 22. Rfd1 h6 23. Qe2 Qc6 {1/2-1/2
Slaby,J-Suba,M/Campillos 2005/ (52)}) 21... Bb4 22. Nde2 Ng6 23. Rh3 h6 24. Bd2
Bf8 25. Nf4 Nxf4 26. Bxf4 b5 27. axb5 axb5 28. Rg3 Kh7 {0-1 Tischbierek,
R-Hansen,S/Germany 2003/ (60)}) 19... Rc4 20. Nf3 (20. Nb3 Rac8 21. Nd2 Rb4 $13
) 20... Bb4 21. Nd2 Rd4 (21... Bxc3 22. Nxc4 Bxe1 23. Bxe1 Qc6 24. Nd6 $14) 22.
Nde4 Bxc3 $1 23. Nxc3 (23. Nf6+ gxf6 24. bxc3 Rd2 25. Rf3 Qd5 $19) 23... Rc8 {
Novikov has managed to slow down the attack white's attack and his heavy
pieces are active.} 24. Qe2 (24. Rf3 Ng6 25. Ref1 Rc5 $13) 24... Rdc4 (24...
Rb4 25. Ne4 Rxb2 26. Nd6 Rbxc2 27. Qxc2 Rxc2 28. Nxb7 Nxb7 29. Rc1 $14) 25. Qd3
(25. Rd1 b5 $132) 25... b5 26. axb5 axb5 27. Re2 (27. Rf2 Qc6 28. Re4 b4 29.
Rxc4 Qxc4 30. Qxc4 Rxc4 31. Nb5 Ng6 $15) 27... Qc6 28. Na2 (28. Ne4 Rxc2 29.
Nd6 Rxe2 30. Qxe2 Ra8 $11) 28... Rxc2 29. Rxc2 (29. Nb4 Rc1 $1 $17) 29... Qxc2
30. Qxb5 Rc7 $1 {[%mdl 2048] Excellent ambitious move, black would like to
transfer his rook to attacking location on b2.} (30... Qc7 31. Nc3 Rb8 32. Qe2
$11) 31. Qa5 Rb7 32. Rc1 (32. Qxd8 Rxb2 33. Qa8 Rxa2 $17) 32... Qxb2 33. Bh4 $2
(33. Qxd8 Qxa2 34. h3 Rb1 $17) 33... Rd7 $1 34. h3 (34. Bxd8 Qxc1+ 35. Nxc1
Rd1+ $19) 34... Qd4 {Hou Yifan has lost a pawn and Na2 is a very modest piece.}
(34... Nb7 $1 35. Qa7 Qxe5 $19) 35. Bxd8 (35. Bg3 Ng6 $17) 35... Rxd8 36. Nb4
Qf4 $1 37. Rg1 (37. Qxd8 $2 Qxc1+ 38. Kh2 Qf4+ 39. Kh1 Qxb4 $19) 37... Rc8 38.
Qb5 Qe4 39. Rf1 h6 40. Nd3 Rd8 41. Rf3 Ng6 42. Rg3 (42. Kh2 Nh4 43. Rg3 Nf5 44.
Rf3 Nd4 $19) 42... Nf4 $1 {The best moment to exchange the knights since the
vulnerability of the basic rank will cost white panw on e5.} 43. Nxf4 (43. Nf2
Qe1+ 44. Kh2 Ne2 $19) 43... Qxf4 44. Qb3 (44. Kh2 h5 $19) (44. Rf3 Rd1+ $19)
44... Qxe5 45. Rf3 Qd5 (45... Rd2 46. Rf1 f5 $19) 46. Qb6 Qd1+ 47. Kh2 Qd6+ 48.
Qxd6 Rxd6 $19 {The rest was strictly speaking unnecessary, black wins easily
with two spare connected passed pawns.} 49. Kg3 g5 50. Ra3 Kg7 51. Ra4 Kg6 52.
Kf3 h5 53. Ra8 Rd2 54. Rg8+ Kf5 55. Rh8 h4 56. Ra8 e5 57. Ra5 f6 58. Rb5 Rc2
59. Ra5 Rc3+ 60. Ke2 Kf4 61. Ra4+ Kg3 62. Rg4+ Kh2 63. Kf2 Rg3 0-1

[Event "Marseille Hiver op"]
[Site "Marseille"]
[Date "2005.12.27"]
[Round "2"]
[White "Petrossian, Armen"]
[Black "Houard, Yannick"]
[Result "1-0"]
[WhiteElo "2328"]
[BlackElo "1964"]
[PlyCount "87"]
[EventDate "2005.12.27"]
[EventType "swiss"]
[EventRounds "9"]
[EventCountry "FRA"]
[SourceTitle "CBM 110 Extra"]
[Source "ChessBase"]
[SourceDate "2006.03.10"]
[SourceVersion "2"]
[SourceVersionDate "2006.03.10"]
[SourceQuality "1"]

1. e4 e6 2. d4 d5 3. Nc3 Nf6 4. e5 Nfd7 5. f4 c5 6. Nf3 Nc6 7. Be3 Qb6 8. Bb5
a6 9. Bxc6 bxc6 10. Na4 Qa5+ 11. c3 cxd4 12. b4 Qc7 13. Nxd4 c5 14. bxc5 Nxc5
15. O-O Bd7 16. Nxc5 Bxc5 17. Qg4 g6 18. Rf3 Rb8 19. Kh1 Bxd4 20. Bxd4 Bb5 21.
Qh4 Qe7 22. Qf2 Rc8 23. a4 Bc4 24. g4 Qb7 25. f5 gxf5 26. gxf5 Rg8 27. Rg1
Rxg1+ 28. Qxg1 Qe7 29. fxe6 fxe6 30. Bc5 Rxc5 31. Qg8+ Kd7 32. Rf7 Bd3 33. Qf8
Be4+ 34. Kg1 Qxf7 35. Qxf7+ Kc6 36. Qxe6+ Kb7 37. Qf7+ Rc7 38. e6 Bg6 39. Qf8
Rc4 40. Qd6 Rg4+ 41. Kf2 Re4 42. Qxd5+ Kc7 43. Qd7+ Kb6 44. e7 1-0

[Event "Marseille Hiver op"]
[Site "Marseille"]
[Date "2005.12.28"]
[Round "4"]
[White "Leray, Jerome"]
[Black "Houard, Yannick"]
[Result "1/2-1/2"]
[WhiteElo "2256"]
[BlackElo "1964"]
[PlyCount "104"]
[EventDate "2005.12.27"]
[EventType "swiss"]
[EventRounds "9"]
[EventCountry "FRA"]
[SourceTitle "CBM 110 Extra"]
[Source "ChessBase"]
[SourceDate "2006.03.10"]
[SourceVersion "2"]
[SourceVersionDate "2006.03.10"]
[SourceQuality "1"]

1. e4 e6 2. d4 d5 3. Nc3 Nf6 4. e5 Nfd7 5. f4 c5 6. Nf3 Nc6 7. Be3 Qb6 8. Na4
Qa5+ 9. c3 b6 10. Bd2 c4 11. b4 Qa6 12. Nb2 Be7 13. Be2 Nf8 14. Qc2 Bd7 15. h4
f5 16. h5 Qb7 17. Kf2 Nd8 18. a4 a6 19. Rag1 Nf7 20. Nd1 Qc6 21. g4 g6 22. gxf5
gxf5 23. Nb2 Nh6 24. Ng5 Qc7 25. Ke3 O-O-O 26. Be1 Rg8 27. Bf3 Bxg5 28. fxg5
Nf7 29. Kf4 Bc6 30. Qe2 Bb7 31. Bh4 Re8 32. Rg3 Nd7 33. g6 hxg6 34. Rxg6 Nh8
35. Rxg8 Rxg8 36. Rh3 Nf8 37. Qh2 Qh7 38. Rg3 Nhg6+ 39. hxg6 Nxg6+ 40. Rxg6
Rxg6 41. Bg3 Rh6 42. Qf2 Rg6 43. Ke3 Qg7 44. Bf4 Rg1 45. Nd1 Bc6 46. a5 bxa5
47. bxa5 Ba4 48. Kd2 Bxd1 49. Be3 Bxf3 50. Qxg1 Qxg1 51. Bxg1 Kc7 52. Ke3 Bg4
1/2-1/2